=LDR 00000nam 2200000 4500 =001 INLIS000000000053374 =005 20180920105015 =035 ##$$a 0010-0918000006 =007 ta =008 180920###########################0#ind## =082 ##$$a 813 =084 ##$$a 813 ZAK a =100 #$$a Zakkiyah, Azri =245 1#$$a Alunan vektor Allah /$c Azri Zakkiyah =260 ##$$a Jakarta :$b Badan Litbang dan Diklat Depag RI,$c 2009 =300 ##$$a viii,140 hlm. ; $c 21 cm. =990 ##$$a 78197819 =990 ##$$a 31100307 =990 ##$$a 08730873 =990 ##$$a 01201900873 =990 ##$$a 31100307 =990 ##$$a 31100309 =990 ##$$a 01201808649